000 01444nam a22003374a 4500
001 ebr10044068
003 CaPaEBR
006 m u
007 cr cn|||||||||
008 000612s2001 enka sbi 001 0 eng
010 _z 00055691
020 _z0333770862 (cloth)
040 _aCaPaEBR
_cCaPaEBR
035 _a(OCoLC)54070074
050 1 4 _aKF974
_b.G369 2001eb
082 0 4 _a346.73/082
_221
100 1 _aGarten, Helen A.
245 1 0 _aUS financial regulation and the level playing field
_h[electronic resource] /
_cHelen A. Garten.
246 3 _aUnited States financial regulation and its implications for the global marketplace
260 _aHoundmills, Basingstoke, Hampshire ;
_aNew York :
_bPalgrave,
_c2001.
300 _axvi, 236 p. :
_bill.
504 _aIncludes bibliographical references (p. 214-233) and index.
533 _aElectronic reproduction.
_bPalo Alto, Calif. :
_cebrary,
_d2013.
_nAvailable via World Wide Web.
_nAccess may be limited to ebrary affiliated libraries.
650 0 _aFinancial institutions
_xDeregulation
_zUnited States.
650 0 _aFinancial institutions
_xLaw and legislation
_zUnited States.
650 0 _aInternational finance.
650 0 _aCompetition
_zUnited States.
655 7 _aElectronic books.
_2local
710 2 _aebrary, Inc.
856 4 0 _uhttp://site.ebrary.com/lib/rucke/Doc?id=10044068
_zAn electronic book accessible through the World Wide Web; click to view
999 _c75033
_d75033